banner koha

Proteocephalid cestode infection in tucunaré Cichla sp. (Osteichthyes: Cichlidae)from Paraná River, São Paulo (Registro n. 216305)

MARC details
000 -LÍDER
campo de controle de tamanho fixo 00954nas a2200301 4500
001 - NÚMERO DE CONTROLE
campo de controle BR2012000131
003 - IDENTIFICADOR DO NÚMERO DE CONTROLE
campo de controle BR-BrBNA
005 - DATA E HORÁRIO DA ÚLTIMA TRANSAÇÃO
campo de controle 20231205115923.0
007 - CAMPO FIXO DE DESCRIÇÃO FÍSICA--INFORMAÇÃO GERAL
campo de controle de tamanho fixo ta
008 - CAMPO DE DADOS FIXOS--INFORMAÇÃO GERAL
campo de controle de tamanho fixo 230509b bl.|||p| |||| 00| 00por d
040 ## - FONTE DA CATALOGAÇÃO
Instituição da catalogação original BR-BrBNA
Idioma da catalogação por
Instituição que transcreveu o registro Biblioteca Nacional de Agricultura
041 ## - CÓDIGO DE IDIOMA
Código do idioma do texto/trilha sonora ou título diferente (En)
072 ## - CÓDIGO DE CATEGORIA DE ASSUNTO
Código de Categoria de Assunto L73
100 1# - ENTRADA PRINCIPAL--NOME PESSOAL
Nome pessoal Santos, R.S.
100 1# - ENTRADA PRINCIPAL--NOME PESSOAL
Nome pessoal Roumbedakis, K.
100 1# - ENTRADA PRINCIPAL--NOME PESSOAL
Nome pessoal Marengoni, N.G.
100 1# - ENTRADA PRINCIPAL--NOME PESSOAL
Nome pessoal Takahashi, H.K.
100 1# - ENTRADA PRINCIPAL--NOME PESSOAL
Nome pessoal Pimenta, F.D.A.
100 1# - ENTRADA PRINCIPAL--NOME PESSOAL
Nome pessoal Melo, C.M.R.
100 1# - ENTRADA PRINCIPAL--NOME PESSOAL
Nome pessoal Martins, M.L.
245 1# - TÍTULO
Título Proteocephalid cestode infection in tucunaré Cichla sp. (Osteichthyes: Cichlidae)from Paraná River, São Paulo
650 ## - ASSUNTO--TERMO TÓPICO
Cabeçalho tópico ou nome geográfico TUCUNARÉ
650 ## - ASSUNTO--TERMO TÓPICO
Cabeçalho tópico ou nome geográfico PARASITA
650 ## - ASSUNTO--TERMO TÓPICO
Cabeçalho tópico ou nome geográfico CESTOIDE
773 0# - ENTRADA ANALÍTICA
Título Arquivo Brasileiro de Medicina Veterinária e Zootecnia (Brazil)
ISSN - International Standard Serial Number ISSN 0102-0935
Partes relacionadas (Jun 2011), v. 63(3) p. 63(3) p. 584-590
Número de controle do registro BR2012000131
909 ## -
-- 202311
-- Lúcia
-- 55
-- Lúcia Elande
942 ## - ELEMENTOS DE ENTRADA ADICIONADOS (KOHA)
Fonte da classificação ou esquema de arquivamento na estante Classificação AGRIS
Ocultar no OPAC Não
Tipo de material Koha Analítica
Exemplares
Situação do descarte Fonte da classificação ou esquema de arquivamento na estante Situação física Não pode ser emprestado Biblioteca de origem Biblioteca atual Localização na estante Enumeração do periódico / cronologia Total de empréstimos Data de último acesso Número do exemplar Tipo de material Koha Fonte de aquisição
  Classificação AGRIS   Consulta local Biblioteca Nacional de Agricultura - Binagri Biblioteca Nacional de Agricultura - Binagri   (Jun 2011), v. 63(3) p. 63(3) p. 584-590   29/11/2023 01 Periódicos Portaria Interministerial nº 164/94

BINAGRI

Telefone: (61)3218-2567/2388/3357/2097 - binagri@agro.gov.br

Ministério da Agricultura e Pecuária , Esplanada dos Ministérios, Bloco D, Anexo B, Brasília/DF, CEP: 70.043-900